000 00864nam a2200277Ia 4500
999 _c29104
_d29104
003 GCL
005 20240530101955.0
008 140319s9999 xx 000 0 ara d
040 _aGCL /
_cGCL
082 0 4 _a301.01
_bص ع
100 1 _aصلاح العبد (واخرون)
245 1 0 _aعلم الاجتماع التطبيقى /
_cصلاح العبد (واخرون)
260 _a[S.N] :
_bمكتبة النهضة المصرية
300 _a646 ص.
490 _aكتب علم الاجتماع
_v0
650 0 4 _aنظريات
650 0 4 _aالمدنية
650 0 4 _aالاجتماع
650 0 4 _aالسكان
650 0 4 _aالمنهج الفلسفى
650 0 4 _aالتغير الاجتماعى
650 0 4 _aالتخطيط الاجتماعى
650 0 4 _aالقرية
650 0 4 _aالاجتماع التطبيقى
942 _2ddc
_cBK